Choice emblems, natural, historical, fabulous, moral, and divine : for the improvement and pastime of youth : serving to display the beauties and morals of the ancient fabulists : the whole calculated to convey the golden lessons of instruction under a new and more delightful dress ...

Bibliographic Details
Main Author: Wynne, John Huddlestone, 1743-1788
Format: Microform Book
Language:English
Edition:The second edition /
Series:Opie collection of children's literature ; 018:192.
Subjects:

MARC

Tag First Indicator Second Indicator Subfields
LEADER 00000cam a2200000Ia 4500
001 in00002571721
005 20151201154105.0
007 he amv---bacp
007 hd bfv---baap
008 970305s1775 enka jb 000 0 eng d
035 |a (OCoLC)ocm36489332 
037 |a CL0021000018  |b ProQuest Information and Learning 300 N. Zeeb Rd., Ann Arbor, MI 48106 
040 |a OPP  |c OPP  |d UtOrBLW 
043 |a e-uk-en 
049 |a OPPA 
090 |a PZ5  |b .O67 1990 no.018:192. 
100 1 |a Wynne, John Huddlestone,  |d 1743-1788. 
245 1 0 |a Choice emblems, natural, historical, fabulous, moral, and divine :  |b for the improvement and pastime of youth : serving to display the beauties and morals of the ancient fabulists : the whole calculated to convey the golden lessons of instruction under a new and more delightful dress ... 
250 |a The second edition /  |b with additions and improvements. 
264 3 |a London :  |b Printed by J. Chapman, Fleet-street, for George Riley, Curzon-street, May Fair,  |c M.DCC.LXXV [i.e. 1775] 
300 |a x, 197 pages, 5 unnumbered pages :  |b illustrations 
336 |a text  |b txt  |2 rdacontent 
337 |a microform  |b h  |2 rdamedia 
338 |a microfiche  |b he  |2 rdacarrier 
500 |a Attributed to John Huddlestone Wynne by the Osborne Coll. and the Bodleian Library. 
500 |a Publisher's advertisements on [5] pages at end. 
500 |a Reproduction of original in the Bodleian Library. 
510 4 |a Osborne Coll.  |c I:87 
510 4 |a Opie  |c P 542 
533 |a Microfiche.  |b Ann Arbor, Mich.  |c UMI,  |d 1995.  |e 3 microfiche.  |f (Opie collection of children's literature ; 018:192).  |7 s1995 miun b 
500 |a Microform. 
650 0 |a Emblems  |v Early works to 1800. 
650 0 |a Conduct of life  |v Juvenile poetry. 
650 0 |a Conduct of life  |v Juvenile literature. 
650 0 |a Emblem books, English  |v Juvenile literature. 
830 0 |a Opie collection of children's literature ;  |v 018:192. 
999 |a MARS 
999 f f |s 7d213bad-dc4b-3613-8f54-0af03b0713d7  |i a01d6ccd-8e77-3d65-81d7-314474581e21  |t 0 
952 f f |a Texas A&M University  |b College Station  |c Sterling C. Evans Library  |d Evans: Microforms Fiche (3rd floor)  |t 0  |e PZ5 .O67 1990 no.018:192.  |h Library of Congress classification 
998 f f |a PZ5 .O67 1990 no.018:192.  |t 0  |l Evans: Microforms Fiche (3rd floor)